000 00320nam a2200121 i 4500
001 bg
245 0 _aWspółczesne polskie introligatorstwo i papiernictwo :
_bmały słownik encyklopedyczny.
260 _aWrocław,
_c1986.
040 _cBPK
041 _apol
942 _cKS
008 s pl f |000 0 pol
999 _c23210
_d23210
856 _uhttp://koha.tu.koszalin.pl/cgi-bin/koha/opac-detail.pl?biblionumber=23210
_yKatalog online BPK